00711nam a2200181 a 450000100100000000500170001000800410002702000180006804000250008608200170011110000280012824501470015626000290030330000280033270000370036095201150039799900170051200004170120201002035715.0131016s1999 sp a 000 0 spa d a9788427712935 aDO-SdBNPbspacBNPHU axxxxxbxxxxx1 aVila Badia, Anna96851710aTengo una hija deficiente :bevolución, socialización y tratamiento de una niña diferente /cAnna Vila Badia ; prólogo Roig Monserrat. aMadrid :bNarcea,c1999. a154 p. :bil. ;c22 cm.1 aRoig, Monserrat,epról.968518 001050718MOaGRbGRcHDd2013-10-16iLF1l0oxxxxx xxxxxp41701-10r2020-06-25w2020-06-25y1ZNo se presta c41190d41190